| 000 | 00404nam a2200157Ia 4500 | ||
|---|---|---|---|
| 008 | 160316s1997 xxu||||| |||| 00| 0 eng d | ||
| 082 |
_a343.096030 _bBRO |
||
| 100 | _aBrodie Peter R | ||
| 245 | _aDictionary of shipping terms | ||
| 250 | _a3rd | ||
| 260 |
_aLondon _bLLP _c1997 |
||
| 300 |
_a218p _b _c |
||
| 365 | _b30/- Pound | ||
| 650 | _a1. Shipping Law - Dictionary - Shipping Term | ||
| 700 |
_a _a |
||
| 999 |
_c11179 _d11179 |
||